Formula One Drivers 2016 - Statistics

General Stats
  • This quiz has been taken 447 times
  • The average score is 18 of 22
Answer Stats
Team Country of Origin Driver % Correct
Mercedes AMG Petronas Formula One Team United Kingdom Lewis Hamilton
100%
Scuderia Ferrari Germany Sebastian Vettel
99%
Mercedes AMG Petronas Formula One Team Germany Nico Rosberg
98%
Red Bull Racing Australia Daniel Ricciardo
97%
Scuderia Ferrari Finland Kimi Räikkönen
96%
Sahara Force India Formula One Team Mexico Sergio Pérez
96%
Williams Martini Racing Finland Valtteri Bottas
96%
Williams Martini Racing Brazil Felipe Massa
95%
Scuderia Toro Rosso Netherlands Max Verstappen
95%
Red Bull Racing Russia Daniil Kvyat
94%
McLaren Honda Formula 1 Team Spain Fernando Alonso
94%
Scuderia Toro Rosso Spain Carlos Sainz, Jr.
92%
Renault Sport Formula One Team Denmark Kevin Magnussen
92%
Sahara Force India Formula One Team Germany Nico Hülkenberg
90%
McLaren Honda Formula 1 Team United Kingdom Jenson Button
85%
Haas F1 Team France Romain Grosjean
85%
Sauber F1 Team Sweden Marcus Ericsson
75%
Haas F1 Team Mexico Esteban Gutiérrez
61%
Renault Sport Formula One Team United Kingdom Joylon Palmer
61%
Sauber F1 Team Brazil Felipe Nasr
54%
Manor Racing MRT Germany Pascal Wehrlein
51%
Manor Racing MRT Indonesia Rio Haryanto
42%
No matching quizzes found
Score Distribution
Percent of People with Each Score
Percentile by Number Answered
Your Score History
You have not taken this quiz